Normal view
MARC view
Entry Topical Term
001 - CONTROL NUMBER
- control field: 46256
003 - CONTROL NUMBER IDENTIFIER
- control field: ARRUPE
005 - DATE AND TIME OF LATEST TRANSACTION
- control field: 20190503114539.0
008 - FIXED-LENGTH DATA ELEMENTS
- fixed length control field: 190503|| aca||aabn | a|a d
040 ## - CATALOGING SOURCE
- Original cataloging agency: ARRUPE
- Transcribing agency: ARRUPE
150 ## - HEADING--TOPICAL TERM
- Topical term or geographic name as entry element:
- General subdivision: history
- Chronological subdivision: 19th Century
670 ## - SOURCE DATA FOUND
- Source citation: Work cat.: (ARRUPE): Dhliwayo, Kholisle David 46254, External traders in the Hinterland of Sofala 1810-1889, 2014.